| 000 | 01209cam a2200337 i 4500 | ||
|---|---|---|---|
| 001 | 32293 | ||
| 003 | BD-RjUL | ||
| 005 | 20211209051819.0 | ||
| 008 | 140424s1951 nyua b 001 0beng | ||
| 035 | _a(BD-RjUL)32382 | ||
| 040 |
_aDLC _cDLC _dDLC _dOCoLC _dBD-RjUL _beng |
||
| 041 | 1 |
_aeng _htib |
|
| 082 | 0 | 4 |
_a294.361 _bGTT 1951 |
| 100 | 0 |
_aGtsaṅ-smyon He-ru-ka, _d1452-1507. _998242 |
|
| 245 | 1 | 0 |
_aTibet's great yogī, Milarepa : _cedited with introd. and annotations by W. Y. Evans-Wentz. |
| 250 | _a2d ed. | ||
| 260 |
_aLondon, New York : _bOxford University Press, _c1951. |
||
| 300 |
_axxviii, 315 p. : _bill. (1 col.) ; _c23 cm. |
||
| 500 | _aErroneously attributed to Ras-chuṅ. | ||
| 500 | _aTranslation of Mi-la-ras-paʾi rnam thar. | ||
| 500 | _aIncludes index. | ||
| 504 | _aIncludes bibliographical references. | ||
| 600 | 0 | 0 |
_aMi-la-ras-pa, _d1040-1123. _998243 |
| 700 | 0 |
_aRas-chuṅ. _tMi-la-ras-paʾi rnam thar. _998244 |
|
| 700 | 0 |
_aZla-ba-bsam-'grub, _cKazi, _d1868-1922. _998245 |
|
| 700 | 2 |
_aEvans-Wentz, W. Y. _q(Walter Yeeling), _d1878-1965. _994662 |
|
| 942 |
_2ddc _cBK |
||
| 999 |
_c32293 _d32293 |
||